Statistics for Countries Bordering Peru

Click here to take the quiz!

General Stats

  • This quiz has been taken 365 times
  • The average score is 5 of 5

Answer Stats

HintAnswer% Correct
2,995 kmBrazil
99%
171 kmChile
99%
1,075 kmBolivia
98%
1,420 kmEcuador
97%
1,800 kmColombia
94%

Score Distribution

Percentile by Number Answered

Percent of People with Each Score

Your Score History

You have not taken this quiz